| 000 | 00498nam a2200169 i 4500 | ||
|---|---|---|---|
| 001 | 96296 | ||
| 003 | ES-MaACL | ||
| 005 | 20231226155050.0 | ||
| 007 | t| | ||
| 008 | 050615s1966 sp ||||1| spa d | ||
| 100 | 1 |
_aMaeztu, Ramiro de, _d1875-1936 _975421 |
|
| 245 | 1 | 4 |
_aLos intelectuales y un epĂlogo para estudiantes / _cRamiro de Maeztu. |
| 260 |
_aMadrid : _bRialp, _c1966. |
||
| 300 |
_a379 p., 3 h. ; _c18 cm. |
||
| 852 |
_aES-MaACL _jC-28894 _bR.58368 |
||
| 999 |
_c96296 _d96296 |
||